01418nam a2200373 i 450000100060000000300080000600500170001400600190003100700150005000800410006502000280010603500220013404000310015605000270018708000110021408200160022510000310024124500720027225000190034426400380036330000620040133600310046333700330049433800430052750400290057058800830059959001620068265000370084465000380088165500270091979700180094685600630096499900170102791545FINmELB20241217172031.0m o d | cr cnu||||||||210430s2014 sp a ob 000 0 spa d a9788499643540q(e-book) a(OCoLC)1252202703 aFINmELBbspaerdacFINmELB14aQA76.73.J38bF942 2014 a004.4204a005.1332231 aFroufe Quintas, Agustín.10aJava 2 :bmanual de usuario y tutorial /cAgustín Froufe Quintas. a5a. edición. 1aMadrid :bRA-MA Editorial,c2014. a1 recurso en línea (xx, 694 páginas) :bilustraciones atextobtxt2rdacontent/spa acomputadorabc2rdamedia/spa arecurso en líneabcr2rdacarrier/spa aContiene bibliografía. aDescripción basada en metadatos suministrados por el editor y otras fuentes. aRecurso electrónico. Santa Fe, Arg.: elibro, 2021. Disponible vía World Wide Web. El acceso puede estar limitado para las bibliotecas afiliadas a elibro. 0aJava (Computer program language) 4aJava (Lenguaje de programación) 4aLibros electrónicos.2 aelibro, Corp.40uhttps://elibro.net/ereader/politecnicointernacional/106400 c91545d91545